[Event "77th LOTTO POL-ch 2020"]
[Site "Warsaw"]
[Date "2020.07.21"]
[Round "1.1"]
[White "Bartel, Mateusz"]
[Black "Teclaf, Pawel"]
[Result "1/2-1/2"]
[WhiteElo "2648"]
[BlackElo "2451"]
[Annotator "TA"]
[PlyCount "60"]
[EventDate "2020.07.21"]
[EventType "k.o."]
[EventCountry "POL"]
[SourceTitle "playchess.com"]
[Source "ChessBase"]
[SourceQuality "1"]

{[%evp 9,60,31,29,23,79,76,69,78,75,64,132,116,148,118,138,125,139,54,97,63,77,47,48,16,14,0,53,0,0,0,0,0,0,0,0,-5,-3,-3,-10,-18,-14,-26,0,-28,0,0,0,0,0,0,0,0,0]} 1. c4 b6 2. Nc3 Bb7 3. d4 e6 4. e4 Bb4 5. f3 Ne7 6. Nge2 {[#] A40: Unusual replies to 1 d4.} Nbc6 $146 (6... f5 $11) ({Predecessor:} 6... d5 7. a3 Bxc3+ 8. Nxc3 O-O 9. Bg5 dxe4 10. fxe4 f6 11. Bh4 Nbc6 12. d5 Ne5 13. Qd2 Ba6 {½-½ (62) Gelfand,B (2673)-Lomasov,S (2553) Moscow 2018}) 7. d5 $16 Ne5 8. a3 {White is slightly better.} Bxc3+ 9. Nxc3 O-O {[#]} (9... d6 $14) 10. f4 $1 {[%cal Rf4e5]} N5g6 {[#]} 11. h4 $1 f5 {White should prevent ...fxe4.} 12. h5 Nh8 13. g4 (13. h6 $16 {Hoping for hxg7.} gxh6 14. Rxh6) 13... fxe4 $14 14. Bg2 exd5 15. cxd5 Nf7 16. Be3 c6 17. dxc6 dxc6 (17... Bxc6 $11 18. Bh3 (18. Bxe4 d5 $17) 18... Qc7) 18. Bxe4 ({But not} 18. Nxe4 Qxd1+ 19. Rxd1 Nd5 $11) (18. Qb3 $1 $14) 18... Nd5 $11 19. Bxd5 cxd5 20. Qd4 Rc8 {Strongly threatening ...Rc4.} 21. O-O-O $1 Rc4 22. Qxc4 dxc4 23. Rxd8 Rxd8 24. Rg1 Rd3 25. Bd2 Bf3 26. Nb5 a6 27. Nc7 {The position is equal.} Nd6 {Threatens to win with ...Ne4.} 28. Nxa6 Ne4 29. Bb4 Nf6 30. Nc7 Rd7 {Accuracy: White = 69%, Black = 69%.} 1/2-1/2

[Event "77th LOTTO POL-ch 2020"]
[Site "Warsaw"]
[Date "2020.07.21"]
[Round "1.2"]
[White "Heberla, Bartlomiej"]
[Black "Nasuta, Grzegorz"]
[Result "1-0"]
[WhiteElo "2572"]
[BlackElo "2558"]
[Annotator "TA"]
[PlyCount "103"]
[EventDate "2020.07.21"]
[EventType "k.o."]
[EventCountry "POL"]
[SourceTitle "playchess.com"]
[Source "ChessBase"]
[SourceQuality "1"]

{[%evp 20,103,-18,-12,-18,-12,-14,-24,0,0,0,0,0,0,0,0,0,0,0,0,0,0,0,0,0,0,0,0,0,0,0,0,32,39,29,-55,-16,-9,31,32,112,131,114,127,231,222,229,213,550,544,518,509,527,512,979,964,12828,12829,11237,6676,12827,12830,12830,12831,12832,12829,11590,10732,5850,5185,12841,12841,12844,12845,12845,12845,12850,27993,27994,27992,27995,27990,27991,27991,27992,27992]} 1. d4 d5 2. c4 c6 3. Nf3 Nf6 4. Nc3 e6 5. e3 Nbd7 6. Bd3 dxc4 7. Bxc4 b5 8. Be2 Bb7 9. e4 b4 10. e5 bxc3 11. exf6 Nxf6 {D47: Semi-Slav: Meran System.} 12. bxc3 Bd6 13. Rb1 {[#]} Qc8 $146 {Black has an edge.} ({Predecessor:} 13... Qc7 14. Qb3 Rb8 15. Ba3 O-O 16. Bxd6 Qxd6 17. O-O Nd5 18. Qc2 Nf4 19. Ng5 Nxe2+ 20. Qxe2 {1-0 (66) Murshed,N (2401)-Goganov,A (2561) Dhaka 2017}) 14. Bg5 Ne4 15. Qc2 c5 {Strongly threatening ...cxd4.} 16. Bb5+ Kf8 {aiming for ...cxd4.} 17. Be3 cxd4 18. Bxd4 Bc5 19. Be2 Bxd4 20. Nxd4 Nc5 21. f3 g6 22. Qc1 Kg7 23. Qe3 Rd8 24. h4 h5 25. g4 e5 26. Qxe5+ {[%mdl 64] Double Attack} Kg8 {White must now prevent ...Re8.} 27. Kf1 (27. O-O $11) 27... hxg4 $1 $15 28. h5 $132 {[%mdl 2048] Intending hxg6 and mate. White is not keeping still} Rd5 29. Qe3 {Threatens to win with hxg6.} Qe8 {White leaves nothing to chance now.} (29... g5 $1 $14) 30. Qxe8+ $16 Rxe8 31. hxg6 Rg5 (31... Rde5 $16) 32. gxf7+ $18 {[%mdl 64] Overworked Piece} Kxf7 33. Rh7+ Rg7 $2 (33... Kg6 {is tougher.} 34. Rhxb7 (34. Rbxb7 Nxb7 35. Rxb7 gxf3 $18) 34... Nxb7) 34. Bc4+ Kf6 {[#]} 35. Rxg7 $1 Kxg7 36. Rb5 Rc8 {[#]} (36... Bxf3 $142 37. Rxc5 Be4 38. Rg5+ Kf6) 37. Rxc5 $1 {[%mdl 576] Remove Defender, Decoy} Rxc5 {[%mdl 4096] Endgame KRB-KBN} 38. Ne6+ {[%mdl 64] Double Attack} Kf6 39. Nxc5 Bxf3 40. Be2 Bd5 41. c4 {[%cal Bc3c4,Bc4c5][%mdl 32]} Bf7 42. Kf2 Ke5 43. Kg3 Kd4 44. Nb3+ Kc3 45. c5 Bd5 46. Bxg4 Kb4 47. Bd7 Bxb3 48. axb3 Kxc5 {White mates.} 49. Kf4 Kd4 50. Ba4 a5 51. Kf5 Kd5 52. Kf6 {Accuracy: White = 94%, Black = 65%.} 1-0

[Event "77th LOTTO POL-ch 2020"]
[Site "Warsaw"]
[Date "2020.07.22"]
[Round "1.2"]
[White "Tomczak, Jacek"]
[Black "Gumularz, Szymon"]
[Result "1-0"]
[WhiteElo "2563"]
[BlackElo "2277"]
[Annotator "TA"]
[PlyCount "75"]
[EventDate "2020.07.21"]
[EventType "k.o."]
[EventCountry "POL"]
[SourceTitle "playchess.com"]
[Source "ChessBase"]
[SourceQuality "1"]

{[%evp 9,75,19,31,14,45,35,48,54,41,34,37,39,62,34,32,24,36,29,35,27,34,27,29,25,19,21,16,-47,-51,-51,-54,-51,-51,-65,0,0,0,0,0,-79,-17,-21,-10,-10,-10,-27,0,0,0,-9,-10,-13,-13,-13,-10,-9,-17,-14,0,0,0,0,1542,1412,12839,12837,12848,12848]} 1. e4 g6 2. d4 Bg7 3. Nc3 d6 4. Bg5 a6 5. f4 b5 6. Nf3 {B06: Modern Defence.} Nf6 7. Bd3 Bb7 8. e5 {White is slightly better.} Nd5 9. Nxd5 Bxd5 10. Qe2 {[#]} Nd7 $146 ({Predecessor:} 10... Nc6 11. c3 O-O 12. Bh4 Qd7 13. O-O Qg4 14. Bg3 Bh6 15. Qe3 f6 16. Be2 Qe6 {0-1 (70) Predke,A (2533)-Dubov,D (2659) Sochi 2015}) 11. O-O dxe5 $1 12. dxe5 O-O 13. c4 Bxf3 14. Rxf3 Nc5 $1 {[%cal Bd7c5,Bc5e6,Be6d4][%mdl 32]} 15. Bh4 Ne6 {next ...Nd4 is good for Black.} 16. Qe4 Qd4+ 17. Qxd4 Nxd4 18. Re3 (18. Rh3 $11) 18... bxc4 $15 19. Be4 Rab8 20. Bxe7 Rfe8 $1 {[%cal Re8e7]} 21. Ba3 Bf8 ({Black should play} 21... Bh6 $1 $15 22. g3 Rxe5 {[%mdl 64] Pin}) 22. Bxf8 Kxf8 23. Rb1 f6 24. Rc1 ({Much weaker is} 24. exf6 c3 $1 $17 {[%mdl 512]}) (24. Bf3 $11 {remains equal.}) 24... Rxb2 (24... fxe5 $17 25. Bf3 exf4 26. Rxe8+ Kxe8 27. Rxc4 Nxf3+ 28. gxf3 Rxb2 29. Rxc7 Rxa2 30. Rxh7 Kf8) 25. Rxc4 $11 Ne2+ 26. Kf1 $1 Nxf4 27. exf6 Nxg2 28. Rh3 Rd8 {[%cal Rd8d1]} 29. Rc1 Rdd2 30. Rxh7 Nf4 31. Re1 Rxh2 32. Rxh2 Rxh2 {[%mdl 4096] Endgame KRB-KRN} 33. Rc1 Ne2 34. Rxc7 Nf4 35. Bc2 {Threatens to win with Bb3.} Nh3 $2 {[%mdl 8192] [#]} (35... Ne6 $11 36. Rc8+ Kf7) 36. Rc6 $1 $18 {White is clearly winning.} Rf2+ 37. Ke1 Rf4 38. Bxg6 {Accuracy: White = 88%, Black = 71%.} 1-0

[Event "77th LOTTO POL-ch 2020"]
[Site "Warsaw"]
[Date "2020.07.22"]
[Round "1.2"]
[White "Pakleza, Zbigniew"]
[Black "Piorun, Kacper"]
[Result "1-0"]
[WhiteElo "2555"]
[BlackElo "2539"]
[Annotator "TA"]
[PlyCount "90"]
[EventDate "2020.07.21"]
[EventType "k.o."]
[EventCountry "POL"]
[SourceTitle "playchess.com"]
[Source "ChessBase"]
[SourceQuality "1"]

{[%evp 16,90,5,7,13,0,14,-14,24,0,10,0,0,-71,-47,-68,-21,-33,-8,0,0,0,22,0,14,0,37,34,40,0,122,114,122,129,114,104,104,104,104,104,106,105,110,106,111,93,95,94,114,109,117,79,85,96,122,112,100,98,170,125,126,55,354,366,478,478,478,478,496,481,660,534,623,609,654,660,2346]} 1. d4 Nf6 2. c4 e6 3. Nf3 d5 4. Nc3 Bb4 5. e3 O-O 6. a3 Bxc3+ 7. bxc3 c6 8. Bd3 b6 9. O-O Ba6 {E51: Nimzo-Indian: Rubinstein: 4...0-0 5 Nf3 d5.} 10. Qe2 Nbd7 11. Bb2 Qc7 {[#] The position is equal.} 12. Rfd1 $146 ({Predecessor:} 12. Rfc1 Rac8 13. a4 Rfe8 14. h3 e5 15. dxe5 Nxe5 16. Nxe5 Qxe5 17. Rd1 Rcd8 18. cxd5 Bxd3 19. Rxd3 cxd5 {1-0 (44) Logothetis,S (2225)-Kapagiannidis,K Ikaros 2000}) 12... Rac8 13. Nd2 e5 14. Rac1 (14. cxd5 $11 {keeps the balance.} Bxd3 15. Qxd3) 14... e4 $17 15. Bb1 Rfe8 16. Ba2 Nf8 17. h3 Ng6 18. Qe1 b5 19. cxd5 cxd5 20. a4 Qd6 21. axb5 Bxb5 22. Bb3 Qd7 (22... Qe6 $11) 23. c4 $16 Ba4 {[#]} 24. Bxa4 $1 Qxa4 25. Ra1 Qd7 26. Rdc1 dxc4 27. Nxc4 Qe6 28. Qe2 Rc7 29. Ba3 Rd8 30. Na5 Rxc1+ 31. Rxc1 Rd5 32. Rc6 Qd7 33. Qc4 {Hoping for Rc8+.} h6 ({But not} 33... Rxa5 $2 34. Rc8+ Ne8 {[#]} 35. Qc7 $1 $18 {[%mdl 512]}) 34. Rc7 Qe6 35. Nc6 a5 36. Be7 {aiming for Nd8.} Ne8 (36... Rg5 $16 37. Qxe6 fxe6) 37. Ra7 {Black must now prevent Ra8.} Kh7 38. Nd8 (38. Rb7 $16) 38... Qb6 $2 {[%mdl 8192] A mistake that costs the game.} (38... Qf5 $14) 39. Rb7 $18 ({Less strong is} 39. Qxd5 Qb1+ 40. Kh2 Qb8+ 41. g3 Qxa7 $16) 39... Qxb7 40. Nxb7 {White is clearly winning.} Nxe7 41. Nc5 f5 42. Qa6 Rd6 43. Qxa5 Nd5 44. Qa7 Nef6 45. Qf7 Kh8 {Accuracy: White = 82%, Black = 53%.} 1-0

[Event "77th LOTTO POL-ch 2020"]
[Site "Warsaw"]
[Date "2020.07.22"]
[Round "1.2"]
[White "Janik, Igor"]
[Black "Gajewski, Grzegorz"]
[Result "1-0"]
[WhiteElo "2531"]
[BlackElo "2515"]
[Annotator "TA"]
[PlyCount "59"]
[EventDate "2020.07.21"]
[EventType "k.o."]
[EventCountry "POL"]
[SourceTitle "playchess.com"]
[Source "ChessBase"]
[SourceQuality "1"]

{[%evp 15,59,17,25,0,0,0,0,0,0,0,0,0,0,7,20,20,73,55,131,127,108,112,104,112,132,97,99,99,87,79,99,101,230,181,210,170,235,235,269,246,231,233,1321,1143,12836,12837]} 1. c4 e6 2. Nf3 d5 3. g3 Nf6 4. Bg2 Be7 5. O-O O-O 6. d4 dxc4 7. Qc2 a6 8. a4 $1 {8.a4 is better than 8.Qxc4.} Bd7 9. Rd1 {E05: Open Catalan: 5 Nf3 Be7.} Bc6 10. Bg5 b5 11. Bxf6 {The position is equal.} Bxf6 12. Nc3 Qe8 13. d5 exd5 14. Nd4 $1 {[#]} Bxd4 $146 ({Predecessor:} 14... Qe5 15. e4 dxe4 16. Nxe4 Bxe4 17. Bxe4 Ra7 18. axb5 Qc5 19. Nc6 Nxc6 20. Bxc6 axb5 21. Rxa7 Qxa7 22. Bxb5 {½-½ (34) Dubov,D (2699)-Wei,Y (2732) chess24.com INT 2020}) 15. Rxd4 Nd7 (15... h6 $11) 16. Nxd5 $16 Qe5 {[#]} (16... Rb8 $1 $14) 17. Ne7+ $1 {[%mdl 576] Discovered Attack} Qxe7 18. Bxc6 Rad8 {next ...Qc5 is good for Black.} 19. axb5 $40 {[%mdl 128] Black is in trouble.} Ne5 20. Rxd8 Rxd8 21. Rxa6 g6 22. Kg2 Qc5 23. Qc3 Rb8 {[#] A mistake that costs the game.} (23... h5 $16 {was called for.}) 24. b4 $1 $18 {[%cal Rb4c5]} Qe7 25. Be4 Re8 (25... Rd8 $142 26. h3 h6) 26. Bd5 h5 27. f4 c6 28. bxc6 ({Don't take} 28. Qxe5 $6 cxd5 29. Qxe7 Rxe7 $16) 28... Nxc6 $2 (28... Nd3 29. Bxf7+ (29. exd3 Qe2+ {[%mdl 64] Double Attack} 30. Kg1 Qd1+ 31. Kg2 Qe2+ 32. Kg1 Qd1+ 33. Kg2 Qe2+ $11) 29... Kh7) 29. e4 Qxb4 {[#]} 30. Qf6 $1 {[%mdl 576] Double Attack. Accuracy: White = 90%, Black = 49%.} 1-0

[Event "77th LOTTO POL-ch 2020"]
[Site "Warsaw"]
[Date "2020.07.22"]
[Round "1.2"]
[White "Krasenkow, Michal"]
[Black "Krzyzanowski, Marcin"]
[Result "1/2-1/2"]
[WhiteElo "2521"]
[BlackElo "2401"]
[Annotator "TA"]
[PlyCount "116"]
[EventDate "2020.07.21"]
[EventType "k.o."]
[EventCountry "POL"]
[SourceTitle "playchess.com"]
[Source "ChessBase"]
[SourceQuality "1"]

{[%evp 13,116,24,39,37,49,15,21,10,29,6,49,6,10,0,46,61,50,26,20,24,37,22,81,103,120,86,162,105,111,110,146,93,147,108,145,143,152,0,0,0,0,0,0,0,0,0,0,0,0,0,0,0,0,0,0,0,0,0,0,0,0,0,0,0,0,0,0,0,6,0,0,0,0,0,0,0,2,2,2,1,6,6,8,0,0,0,0,0,0,0,0,0,0,0,0,0,0,0,0,0,1,0,0,0,10]} 1. Nf3 d5 2. d4 Nf6 3. c4 c6 4. e3 e6 5. Bd3 dxc4 6. Bxc4 Nbd7 7. O-O Bd6 {The main line 7...Bd6 scores better than 7...b5.} 8. b3 {D30: Queen's Gambit Declined: Systems without Nc3.} b5 9. Be2 Bb7 10. Bb2 {[#]} Qb8 $146 ({Predecessor:} 10... Qc7 11. Nbd2 Rc8 12. Rc1 Qb8 13. e4 e5 14. dxe5 Nxe5 15. Nd4 Ng6 16. Nf5 Bxh2+ {1-0 (36) Henriksson,J (2279)-Ask,J (2194) Norrkoeping 2012}) 11. Nbd2 O-O 12. Qc2 (12. e4 $5 {[%cal Re4e5]} e5 13. g3 $14) 12... Rc8 13. Ne4 c5 14. Nxd6 Qxd6 15. d5 exd5 16. Bxb5 d4 17. Qf5 {[%cal Re3d4]} Bxf3 (17... Rcb8 $11 {remains equal.} 18. Bxd7 (18. exd4 $2 Be4 $17) 18... Qxd7) 18. Qxf3 $16 Ne5 19. Qf4 {[%cal Re3d4]} Rab8 (19... Nd5 $16 20. Qg3 a6) 20. Be2 (20. exd4 $18 cxd4 21. a4) 20... Nd5 21. Qg3 Qf6 22. exd4 (22. Rfc1 $142) 22... Ng6 (22... Nc6 $142) 23. Rad1 Ndf4 24. Bc4 cxd4 25. Bxd4 $2 (25. Rfe1 $16) 25... Rxc4 $1 $11 {The position is equal.} 26. Bxf6 Ne2+ {[%mdl 64] [#] Double Attack} 27. Kh1 Nxg3+ 28. hxg3 Rc2 29. Bd4 Rxa2 30. Ra1 Rxa1 31. Rxa1 Rxb3 32. Rxa7 {[%mdl 4096] [#] Endgame aiming for Ra8+. KRB-KRN} h6 33. Ra8+ Kh7 34. Ra7 Rd3 35. Ba1 Rd8 36. Kh2 Kg8 37. g4 Nf4 38. Be5 Ne6 39. f3 Rd5 40. Bg3 Rd2 41. Ra8+ Kh7 42. Ra7 f6 43. Re7 Nd4 {And now ...Nxf3+ would win.} 44. Kh3 Rd1 45. Bf2 Nc6 46. Rc7 Ne5 47. Kg3 Nd7 48. Bc5 g5 49. Ba3 Kg6 50. Bb4 Rd3 51. Ra7 Ne5 {White must now prevent ...Nc6.} 52. Bf8 {[%csl Gf8][%cal Ra7g7]} Nd7 53. Bb4 h5 54. gxh5+ Kxh5 55. Ra6 Rb3 56. Be7 Kg6 57. Rd6 Rb7 58. Bd8 Kf7 {Accuracy: White = 83%, Black = 85%.} 1/2-1/2

[Event "77th LOTTO POL-ch 2020"]
[Site "Warsaw"]
[Date "2020.07.22"]
[Round "1.2"]
[White "Dziuba, Marcin"]
[Black "Olszewski, Michal"]
[Result "1/2-1/2"]
[WhiteElo "2486"]
[BlackElo "2477"]
[Annotator "TA"]
[PlyCount "117"]
[EventDate "2020.07.21"]
[EventType "k.o."]
[EventCountry "POL"]
[SourceTitle "playchess.com"]
[Source "ChessBase"]
[SourceQuality "1"]

{[%evp 13,117,22,29,20,22,14,24,33,31,25,38,31,28,-25,-32,-29,-26,-25,-20,-21,-23,-33,-34,-28,-25,-25,-25,-16,-19,-25,-28,-32,-26,-20,-21,-27,-27,-37,-14,-23,-26,-56,-56,-53,-66,-60,-37,-80,0,0,0,0,0,0,0,0,9,-45,-50,-105,-100,-96,-117,-107,-111,-107,-65,-167,-164,-154,-134,-215,-215,-140,-16,-16,-16,-16,-16,-2458,-837,-4141,-4141,-4141,-16,-16,-16,-16,-16,-16,-16,-16,-16,-16,-16,-16,-16,-16,-16,-16,0,-16,-16,-16,0,-14]} 1. d4 Nf6 2. c4 g6 3. Nc3 d5 4. cxd5 Nxd5 5. Bd2 Bg7 6. e4 Nb6 7. Be3 O-O 8. Bb5 {D85: Exchange Grünfeld: Unusual White 7th moves and lines with 7 Nf3.} Be6 9. Nf3 Nc4 10. Bxc4 {White has an edge.} Bxc4 11. Qa4 Ba6 12. O-O-O {[#]} Qd7 $146 ({Predecessor:} 12... Nd7 13. h4 Nb6 14. Qb3 Nc4 15. h5 Nxe3 16. fxe3 c5 17. hxg6 hxg6 18. e5 cxd4 19. exd4 {½-½ (32) Tkachiev,V (2632)-Macieja,B (2615) Santo Domingo 2002}) 13. Ne5 (13. Qa3 $142) 13... Qxa4 $11 14. Nxa4 b6 15. Nc3 Bb7 16. h4 c5 17. h5 cxd4 18. Bxd4 f6 19. Ng4 Nc6 20. hxg6 hxg6 21. Nh6+ Bxh6+ 22. Rxh6 Rfd8 23. Be3 $1 Rxd1+ 24. Kxd1 Rd8+ 25. Kc2 Ne5 26. f3 g5 27. Rh1 g4 28. fxg4 Nxg4 29. Bf4 Rd4 30. Re1 f5 (30... e5 $17 31. Bd2 Bc6) 31. Bb8 fxe4 32. Bxa7 Rd6 33. Bb8 ({Don't blunder} 33. Nxe4 $2 Re6 $19) 33... Rf6 34. a4 ({Don't go for} 34. Nxe4 $2 Re6 $19) 34... Rf2+ 35. Re2 (35. Kb3 $11) 35... e3 $15 {Strongly threatening ...Ba6.} 36. Bg3 (36. Kb3 $1 $15) 36... Ba6 $17 37. Bxf2 exf2 38. Rxf2 Nxf2 39. Nd5 Kf7 40. b4 (40. Nxb6 $15 Ke6 41. b4) 40... Bb7 41. Nxb6 Bxg2 42. Kc3 (42. Nc4 $17 {keeps fighting.}) 42... e5 $1 $19 43. b5 {[#]} Ne4+ (43... Bf1 $1 $17 {With the idea ...Ke6.} 44. Nd5 Ne4+ 45. Kb3 Ke6) 44. Kb4 $1 $11 Nd6 {And now ...Ke6 would win.} 45. a5 Bf1 46. Nd7 $2 {[%mdl 8192]} (46. a6 $11) 46... e4 $19 47. b6 e3 48. Kc3 {[#]} Nb7 $2 (48... Nc4 $1 $19 49. Nc5 Ne5) 49. Ne5+ $11 {[#]The position is equal.} Ke6 $1 50. Ng4 e2 51. Kd2 Nc5 {( -> ...Nd3!)} 52. Ne3 Nd3 53. Nc2 {aiming for b7.} Kd7 54. a6 Kc8 55. Ne1 Nc5 56. Nc2 {[#]} Nd3 $1 {[%mdl 512]} 57. Ne1 (57. Kxd3 e1=Q+) 57... Nb4 58. Nf3 Nd3 59. Ne1 {Accuracy: White = 67%, Black = 87%.} 1/2-1/2

[Event "77th LOTTO POL-ch 2020"]
[Site "Warsaw"]
[Date "2020.07.22"]
[Round "1.2"]
[White "Nasuta, Grzegorz"]
[Black "Heberla, Bartlomiej"]
[Result "1/2-1/2"]
[WhiteElo "2377"]
[BlackElo "2527"]
[Annotator "TA"]
[PlyCount "83"]
[EventDate "2020.07.21"]
[EventType "k.o."]
[EventCountry "POL"]
[SourceTitle "playchess.com"]
[Source "ChessBase"]
[SourceQuality "1"]

{[%evp 10,83,28,29,34,22,26,33,31,20,30,15,18,12,29,32,29,22,22,12,11,6,4,11,13,5,4,0,0,0,0,0,0,0,0,-26,0,-30,-14,-24,-21,-73,-78,-85,-62,-106,-30,-32,-39,-44,-48,-104,-103,-104,-94,-94,-24,-67,-67,-76,0,0,0,0,0,0,0,0,0,-18,-12,-52,-37,-58,-58,-58]} 1. e4 c6 2. Nc3 d5 3. Nf3 dxe4 4. Nxe4 Nf6 5. Qe2 Nxe4 6. Qxe4 Be6 {B11: Caro-Kann: Two Knights Variation.} 7. Be2 Nd7 8. d4 {[#]} Nf6 $146 {White is slightly better.} ({Predecessor:} 8... Bd5 9. Qe3 Bxf3 10. Bxf3 e6 11. O-O Bd6 12. d5 cxd5 13. Bxd5 O-O 14. Bxb7 Rb8 {1-0 (29) Munoz Pantoja,M (2512)-Garcia Gil,J (2122) Cornella de Llobregat 2019}) 9. Qd3 Bg4 10. O-O e6 11. h3 Bh5 12. c4 Be7 13. Be3 O-O 14. Rac1 Qc7 15. Ne5 Bxe2 16. Qxe2 Rfd8 17. Nd3 a5 18. Rfd1 a4 19. Qf3 Rac8 20. g4 b6 {[%cal Bb7b6,Bb6b5][%mdl 32]} 21. Kg2 c5 22. g5 Nd7 23. d5 exd5 24. cxd5 Bd6 25. Rc4 {[#]} (25. Bf4 $11 {remains equal.}) 25... b5 $1 $17 {[%cal Rb5c4]} 26. Rh4 Nf8 27. Nf4 Ng6 (27... Qd7 $17) 28. Nxg6 $11 hxg6 29. Re4 Re8 30. h4 ({White should play} 30. a3 $15) 30... Rxe4 $17 31. Qxe4 Qd7 32. Qf3 {[#]} Re8 (32... a3 $1 $17 {[%mdl 512]} 33. bxa3 Ra8) 33. h5 gxh5 34. Qxh5 Re4 (34... g6 $17 35. Qh3 Qxh3+ 36. Kxh3 Re4) 35. Rh1 $11 {[%csl Gh1][%cal Rh5h8]} Kf8 {Strongly threatening ...Qf5.} 36. Qf3 Qg4+ $1 37. Qxg4 Rxg4+ 38. Kf3 Rb4 39. Rb1 Ke7 40. Re1 {Hoping for Bxc5+.} Kd7 (40... Kd8 $5 {[%cal Rb4b2]} 41. Re2 Rh4 $15) 41. Re2 Rh4 42. b3 {Accuracy: White = 76%, Black = 86%.} 1/2-1/2

[Event "77th LOTTO POL-ch 2020"]
[Site "Warsaw"]
[Date "2020.07.22"]
[Round "1.2"]
[White "Sadzikowski, Daniel"]
[Black "Socko, Bartosz"]
[Result "1-0"]
[WhiteElo "2374"]
[BlackElo "2615"]
[Annotator "TA"]
[PlyCount "91"]
[EventDate "2020.07.21"]
[EventType "k.o."]
[EventCountry "POL"]
[SourceTitle "playchess.com"]
[Source "ChessBase"]
[SourceQuality "1"]

{[%evp 15,91,44,50,44,44,43,39,53,83,73,74,75,78,72,80,79,91,81,101,105,120,116,101,91,93,93,94,86,104,99,115,97,117,27,158,159,295,237,293,287,289,288,284,243,806,790,1447,1367,1769,1785,1604,1579,1204,684,677,675,427,431,6270,3334,1616,0,5821,2277,7304,7478,11386,8966,6195,5874,5173,29969,29966,29969,5493,29956,9288,8858]} 1. e4 e5 2. Nf3 Nc6 3. Bb5 a6 4. Ba4 Nf6 5. O-O Be7 6. Re1 d6 7. c3 Bg4 8. d3 Nd7 9. Be3 {C87: Closed Ruy Lopez: Steinitz-type lines after 6 Re1 d6.} O-O 10. Nbd2 {[#]} Bf6 $146 ({Predecessor:} 10... f5 11. h3 fxe4 12. hxg4 exf3 13. Qb3+ Kh8 14. Qxb7 Na5 15. Qe4 c6 16. Bxc6 Nf6 17. Qxf3 Nxc6 18. Qxc6 Nxg4 {½-½ (46) Kurnosov,I (2577)-Iuldachev,S (2526) Tashkent 2008}) 11. h3 {White is slightly better.} Bxf3 12. Nxf3 Ne7 13. d4 {Hoping for Bxd7.} c6 14. Bb3 Qc7 15. Qe2 Rad8 16. Rad1 h6 17. dxe5 dxe5 18. Nh2 {Black must now prevent Ng4.} c5 19. Ng4 {Threatens to win with Rxd7!} Bg5 20. Bxg5 hxg5 21. Rd2 b5 22. Red1 c4 23. Bc2 f6 24. b4 (24. b3 $16) 24... Rfe8 {[#]} (24... Nb6 $11 {keeps the balance.}) 25. h4 $1 $16 {[%mdl 512]} gxh4 {[#]} (25... Nf8 $16) 26. Rxd7 $1 $18 {[%mdl 512]} Rxd7 {[#]} (26... Qxd7 27. Rxd7) 27. Nxf6+ $1 {[%mdl 512]} gxf6 28. Qg4+ {[%mdl 64] Double Attack} Kf7 29. Rxd7 Qc8 $2 (29... Qc6 30. Qh5+ Kf8) 30. Bd1 Rh8 31. Qf5 Qc6 32. Bh5+ Rxh5 33. Qxh5+ {[%mdl 4160] Endgame Double Attack. KQR-KQN} Ke6 34. Qg4+ f5 35. Rxe7+ $1 Kxe7 36. Qxh4+ {KQ-KQ} Kd7 (36... Qf6 $142 37. Qh7+ Kd6) 37. Qh7+ Kd8 38. Qh4+ (38. Qh8+ $142 Ke7 39. Qg7+ Ke8 40. Qxe5+ Kf7 41. Qxf5+ Ke8 42. g4) 38... Kd7 39. exf5 Qd5 40. Qh7+ Kd6 41. Qg6+ Kc7 42. f6 Kd6 43. f7+ (43. Qe8 $18 Qd1+ 44. Kh2) 43... Ke7 44. Qg7 Qxf7 45. Qxf7+ Kxf7 46. f3 {Accuracy: White = 89%, Black = 49%.} 1-0

[Event "77th LOTTO POL-ch 2020"]
[Site "Warsaw"]
[Date "2020.07.22"]
[Round "1.2"]
[White "Teclaf, Pawel"]
[Black "Bartel, Mateusz"]
[Result "1/2-1/2"]
[WhiteElo "2360"]
[BlackElo "2615"]
[Annotator "TA"]
[PlyCount "84"]
[EventDate "2020.07.21"]
[EventType "k.o."]
[EventCountry "POL"]
[SourceTitle "playchess.com"]
[Source "ChessBase"]
[SourceQuality "1"]

{[%evp 14,84,-19,-15,-24,-37,-32,-22,-12,-49,-37,-48,-38,-38,-37,-36,-37,-34,-34,-63,-63,-56,-31,-70,-29,-51,-45,-44,-49,-56,-37,-57,-54,-66,-5,-10,-6,-35,-62,-43,-30,-11,-21,-14,-14,-34,-27,-28,-31,-22,-7,-8,-15,-14,0,0,0,0,0,0,0,-14,0,0,0,0,0,0,0,0,0,0,0]} 1. e4 e5 2. Nf3 Nc6 3. Bc4 Bc5 4. b4 Bxb4 5. c3 Ba5 6. d4 d6 7. Qb3 Qd7 8. O-O Bb6 {C52: Evans Gambit Accepted: 5 c3 Ba5.} 9. Nbd2 $1 {[%mdl 4] now scores much better than the old 9.Bb5.} Na5 10. Qc2 {[#]} Qe7 $146 ({Predecessor:} 10... Nxc4 11. Nxc4 exd4 12. cxd4 Ne7 13. a4 c6 14. Ba3 Bc7 15. e5 dxe5 16. dxe5 O-O {½-½ (39) Mamedyarov,S (2747)-Ding,L (2766) Huaian 2016}) 11. a4 Nf6 12. Ba3 c5 ({But not} 12... Nxc4 13. Nxc4 c5 14. Nxd6+ (14. dxe5 dxe5 15. Nfxe5 Bc7 $11) 14... Qxd6 15. dxe5 $14) 13. Bb5+ Nd7 14. Rfe1 O-O 15. Nf1 Nf6 16. dxe5 dxe5 17. Ne3 Bc7 18. Bd3 Bg4 19. Nxg4 Nxg4 20. Nd2 Rfd8 {aiming for ...Qh4.} 21. Be2 Nf6 22. Nf1 Qe6 23. Rab1 c4 (23... Bb6 $15) 24. Bb4 $1 $11 Qc6 25. Ne3 Qxe4 ({Not} 25... Nxe4 $2 26. Bf3 $18) 26. Qa2 Rd7 27. Bf3 Qf4 {[#] Strongly threatening ...e4.} 28. Bxa5 $1 Bxa5 29. Bxb7 Rad8 {And now ...Rd2 would win.} 30. g3 Qg5 31. Qxc4 h5 {The position is equal.} 32. Rb5 {[#] Bc6 is the strong threat.} Rc7 33. h4 Qxe3 34. Rxe3 Rxc4 35. Rxa5 Rd1+ 36. Kg2 Ng4 37. Rf3 g6 38. Rd5 $1 {[%cal Rd5d1]} Rxd5 $1 39. Bxd5 Rc7 40. c4 Kf8 41. Rb3 Nf6 42. Rb5 Ke7 {Accuracy: White = 87%, Black = 87%.} 1/2-1/2